00834nam a22002297a 4500003001100000005001700011008004100028020001500069040003900084041000800123082001600131100001800147245010800165260003500273300002500308650004800333650005800381856005100439942000800490952009100498999001500589LK-CoMWRAF20240212120630.0230924b1971 |||||||| |||| 00| 0 eng d a0700700013 aLK-CoMWRAFdLK-CoMWRAFeLK-CoMWRAF aeng a492.73bPEN aPenrice, John aA Dictionary and Glossary of the Koran, with copius grammatical references and explanations of the text a[London]:bCurzon press,c1971 a viii, 166 p.; 27 cm aArabic language -- Dictionaries -- English  aQurʾan -- Language, Style -- Dictionaries -- English uhttps://www.ghazali.org/books/penrise-1873.pdf cREF 00104070aMAINbMAINd2023-09-24l0o492.73 PENpRAF1416r2023-09-24w2023-09-24yBK c3650d3650